| 000 | 01519nam a22003377a 4500 | ||
|---|---|---|---|
| 003 | DO-SdBNP | ||
| 005 | 20180312110925.0 | ||
| 008 | 160427b 2014 dr00| 0 spa d | ||
| 020 | _a9789945118964 (v. 1) | ||
| 020 | _a9789945118933 (v. 1, e. 2) | ||
| 020 | _a9789945118902 (v. 1, e. 3) | ||
| 040 |
_aBPMSU _bspa _cBPMSU |
||
| 082 |
_a372.257 _bS456c 1ro. 2014 |
||
| 245 |
_aCiencias naturales 1 : _beducación primaria / _cÁngela Segura de Óleo ... [et al.] ; dirección editorial Claudia Llibre |
||
| 260 |
_aSanto Domingo : _bSantillana, _c2014. |
||
| 300 |
_a3 v. : _bil, retrs. ; _c28 cm. |
||
| 490 | 1 | _aProyecto todos juntos | |
| 505 | 0 | _aBloque 1. Los seres vivos Somos seres vivos -- Cómo somos -- Los animales y las plantas -- Los alimentos -- Cuido mi salud -- Bloqie 2. Materia y energia Los objetos de mi entorno -- La materia cambia -- El movimiento. Bloque 3. La tierra en el universo La tierra, nuestro hogar -- El água. | |
| 650 | 4 |
_aCIENCIAS NATURALES _xENSEÑANZA BÁSICA |
|
| 650 | 4 |
_aCIENCIAS NATURALES _xLIBROS DE TEXTOS |
|
| 650 | 4 |
_aCIENCIAS NATURALES _xEDUCACIÓN PRIMARIA |
|
| 650 | 4 |
_aEDUCACIÓN PRIMARIA _zREPÚBLICA DOMINICANA |
|
| 650 | 4 |
_aCIENCIAS NATURALES _xESTUDIOS Y EJERCICIOS |
|
| 700 | 1 | 2 | _aSegura de Óleo, Ángela. |
| 700 | 1 | 2 |
_aLlibre, Claudia, _eed. |
| 830 | 0 | _aProyecto todos juntos | |
| 910 | _aValidado. Control de calidad MFF | ||
| 942 |
_2ddc _cBK |
||
| 945 | _aRemanejada para la BNPHU 2018 / BT | ||
| 956 |
_aBTAVAREZ _b10 _d20160603 _fBPMSU _h0038 |
||
| 999 |
_c9934 _d9934 |
||